000 00945nam a2200265 i 4500
001 198525
003 ES-MaACL
005 20260625173135.0
007 ta
008 260625s1985 sp |||| ||||| 00110 spa d
040 _aES-MaACL
_bspa
_cES-MaACL
_erda
110 2 _aInstituto Fe y Secularidad
_95054
245 1 0 _aInstituto Fe y Secularidad (1970-1985) :
_bmemoria académica extraordinaria
264 1 _aMadrid :
_bInstituto Fe y Secularidad,
_c1985
300 _a222 páginas ;
_c21 cm
336 _2rdacontent
_aTexto
337 _2rdamedia
_asin mediación
338 _2rdacarrier
_avolumen
504 _aIncluye referencias bibliográficas e índice
610 2 7 _aInstituto Fe y Secularidad-
_vMemorias
_9170418
852 _aES-MaACL
_jDB-253
_cDES
_hDonación: J. Porto
_xEncuadernación rústica
_9207553
942 _cMONOGRAFIA
_n0
999 _c198525
_d198525